|
|
|
|
| LEADER |
00963pam a22002298a 4500 |
| 001 |
00022784 |
| 005 |
20171026081025.0 |
| 008 |
110602s2004 ||||||Viesd |
| 041 |
0 |
# |
|a Vie
|
| 082 |
1 |
4 |
|a 363.7
|b C430NG
|
| 100 |
0 |
# |
|a Lê Thanh Vân
|
| 245 |
0 |
0 |
|a Con người và môi trường
|b Giáo trình đào tạo chính quy, tại chức, từ xa khoa giáo dục mần non
|c Lê Thanh Vân
|
| 260 |
# |
# |
|a H.
|b Đại học sư phạm
|c 2004
|
| 300 |
# |
# |
|a 220 tr.
|c 21 cm.
|
| 650 |
# |
4 |
|a Khoa học môi trường
|
| 650 |
# |
4 |
|a Sinh thái
|
| 653 |
# |
# |
|a Giáo trình
|
| 852 |
# |
# |
|b Kho mượn
|j KM.0012458, KM.0012459, KM.0012460, KM.0010921, KM.0000374, KM.0013903
|
| 852 |
# |
# |
|b Kho đọc
|j KD.0009898
|
| 852 |
# |
# |
|j KM.0012458
|j KM.0012459
|j KM.0012460
|j KM.0010921
|j KD.0009898
|j KM.0000374
|j KM.0013903
|j KM.0026762
|
| 910 |
0 |
# |
|a nhnam
|d 02/06/2011
|
| 980 |
# |
# |
|a Trung tâm Học liệu Lê Vũ Hùng, Trường Đại học Đồng Tháp
|